|
|
|
|
| LEADER |
00000nam0a2200000 4500 |
| 001 |
156105 |
| 005 |
20231101221900.0 |
| 020 |
|
|
|a RU
|b 83-65817
|
| 035 |
|
|
|a (RuTPU)RU\TPU\book\169305
|
| 090 |
|
|
|a 156105
|
| 100 |
|
|
|a 20090323g1983 m y0rusy5003 ca
|
| 101 |
0 |
|
|a rus
|
| 102 |
|
|
|a RU
|
| 105 |
|
|
|a a z 001ay
|
| 200 |
1 |
|
|a Народные русские сказки А. Н. Афанасьева
|e в 3-х кн.
|h Кн. 3
|f А. Н. Афанасьев
|g худож. А. Куркин
|
| 210 |
|
|
|a Москва
|c Советская Россия
|d 1983
|
| 215 |
|
|
|d 26 см
|e (цв. ил.)
|a 112 с.
|c ил., цв. ил.
|
| 320 |
|
|
|a Словарь малоупотребительных слов: с. 109
|
| 610 |
1 |
|
|a сказки
|
| 610 |
1 |
|
|a устное народное творчество
|
| 675 |
|
|
|a 811
|z rus
|
| 700 |
|
1 |
|a Афанасьев
|b А. Н.
|c русский историк и литературовед, исследователь фольклора
|f 1826-1871
|g Александр Николаевич
|2 stltpush
|3 (RuTPU)RU\TPU\pers\21643
|9 9106
|
| 702 |
|
1 |
|a Куркин
|b А.
|4 440
|
| 801 |
|
0 |
|a RU
|b RuMRKP
|c 19950704
|g psbo
|
| 801 |
|
1 |
|a RU
|b 63413507
|c 20090323
|g PSBO
|
| 801 |
|
2 |
|a RU
|b 63413507
|c 20160513
|g PSBO
|
| 942 |
|
|
|c BK
|